01494cam a22004214i 4500003000900000005001700009008004100026035001900067040003300086082002100119100004800140245012300188264000500311300000500316336002100321337002500342338002300367526000900390526000900399526000900408526000900417526000900426526000900435526000800444526000800452526000800460526000800468526000800476526000800484700003800492910000500530942001400535949014100549596000600690999015700696980005500853952016400908PE-LiUPU20250731184554.0150625s r 000 0 d a(Sirsi) a36950 aPE-LiUPUbspacPE-LiUPUerda04a915.695bM532211 aSakala LaBianca, Oystein,eeditor.,eautor.10aFaunal remains :btaphonomical and zooarchaeological studies of the animal remains from Tell Hesban and Vicinity.n13. 1a a atext2rdacontent aunmediated2rdamedia avolume2rdacarrier aP136 aP135 aP134 aP133 aP144 aP143 aP87 aP35 aP20 aP14 aP10 aP061 aDriesch, Angela von den,eeditor. a 2ddccBOOK a915.695 M53 13wDEWEYc1i43092lCCODEBUL1mBULp00.00r0sYtBOOKu2015-06-25xBIBLIOTECAzUNKNOWN0COMPRAo.STAFF. Colección General a1 a915.695 M53 13wDEWEYc45079i43092f2021-11-11g5lCCODEBUL1mBULr0sYtBOOKu2015-6-25xTEOLOGIAzUNKNOWN0COMPRAo.STAFF. Colección Generald45079 81gALBERTO SANCHEZ Responsable de Automatización r2025-12-03 00:00:00i6l0o915.695 M53 13p43092te1w2015-06-25xFACIHEDyBKzinventario-2023-12-13102ddc50708GENfP14aBULbBULcGENd2015-06-25eCOMPRA